MDQL
is popping MORE tags! Check the
thread
!
Quizzes
Events
Quiz Creation
Community
Videos
Private Events
Remove Ads
Sign In
Join for FREE
Feedback
Dark Mode
Quiz Categories
Sports
Geography
Music
Movies
Television
Just For Fun
Miscellaneous
History
Literature
Language
Science
Gaming
Entertainment
Religion
Holiday
For Kids
Quiz Lab
Recent
Popular Today
Quiz Kudos Today
Editor Picks
Curator Picks
Quizzes by...
Day
Popularity
Type
Ratings
Length
Year
Community
Subscriptions
Recent Discussions
Orange Saloon
Badges
Playlists
Quests
Create
Leaderboards
Showdown
Live 5
Trivia Bingo
Activity
Puzzle Library
Sporcle Events
Private Events
Virtual Trivia
Globe League
Become a Host
Pub Owners
SporcleCon
Opinionation
Our Games
Videos
Blog
Mobile Apps
Partnerships
Remove Ads and Go Orange
Feedback
Sports
Athletes
MLB
NBA
NHL
NFL
Soccer
Sports Teams
WWE
NCAA
Football
Premier League
Basketball
Baseball
Hockey
Golf
Tennis
Cricket
Rugby
Auto Racing
Olympics
World Cup
Sports
Athletes
MLB
NBA
NHL
NFL
Soccer
Sports Teams
WWE
NCAA
Football
Premier League
Basketball
Baseball
Hockey
Golf
Tennis
Cricket
Rugby
Auto Racing
Olympics
World Cup
Random Quiz
Search Sporcle
×
Quiz Lab
Quiz Lab
Sports
Football
Type in answers that appear in a list
Type in answers that appear in a list
Classic
Best Score? Go Orange.
First Win - Jimmie Johnson Stats
Can you name the finishing order in the 2002 NASCAR Winston Cup Napa Auto Parts 500 (Jimmie Johnson's first Cup win)?
By
2mbs
6m
43 Questions
492 Plays
492 Plays
492 Plays
Comments
Comments
Give Quiz Kudos
Give Quiz Kudos
-
- Ratings
hide this ad
Replay
Link that replays current quiz
Next Quiz
Link to next quiz in quiz playlist
You Got
0%
They Got
Avg Score
83%
Avg Friend Score
Upgrade to see
Score Distribution
Jump to the score distribution portion of the page
Score
0/43
Timer
06:00
0
Plays Today
Position
Driver
% Correct
1
Jimmie Johnson
99.2%
2
Kurt Busch
98.6%
5
Mark Martin
96.7%
16
Jeff Gordon
96.7%
6
Dale Jarrett
96.3%
8
Rusty Wallace
95.9%
10
Michael Waltrip
95.9%
12
Robby Gordon
95.9%
21
Terry Labonte
95.9%
29
Tony Stewart
95.9%
20
Matt Kenseth
95.5%
34
Bobby Labonte
95.5%
36
Dale Earnhardt Jr.
95.3%
19
Jeff Burton
94.9%
18
Ward Burton
94.7%
4
Bill Elliott
94.3%
7
Sterling Marlin
93.7%
14
Ryan Newman
93.7%
17
Kyle Petty
93.1%
3
Ricky Rudd
92.9%
22
Steve Park
92.3%
13
Greg Biffle
91.7%
Position
Driver
% Correct
35
Kevin Harvick
90.2%
37
Ricky Craven
88.8%
39
Elliott Sadler
86.6%
43
Ken Schrader
86.4%
15
Johnny Benson Jr.
86.2%
38
Jeremy Mayfield
86.2%
24
John Andretti
85.6%
23
Brett Bodine
82.7%
27
Jimmy Spencer
81.7%
30
Bobby Hamilton
79.9%
11
Jeff Green
79.5%
26
Jerry Nadeau
79.3%
9
Dave Blaney
77.2%
31
Mike Skinner
71.5%
28
Casey Atwood
65.4%
25
Joe Nemechek
63.4%
42
Shawna Robinson
53.9%
40
Hut Stricklin
50.8%
32
Rick Mast
46.5%
41
Stacy Compton
38.2%
33
Steve Grissom
31.3%
Quiz Playlist
Details
Report
Send in Message
Add To Playlist
Classic:
Type in answers that appear in a list
Quiz Source
Last Updated: Feb 16, 2017
Quiz Scoreboard
CHALLENGE
Sign Up to Join the Scoreboard
Show All
Scores
Hide
Comments
May contain spoilers
Recently Published
1-10 Letter E Words III
by El_Dandy
Language
2m
Street Fighter Characters
by Artimus82
Gaming
60s
College Basketball Coaching Resumes
by pancakes188
Sports
9m
More to Explore
Quiz From the Vault
Featured Blog Post
Where Did the Easter Bunny Come From?
hide this ad
You Might Also Like...
Tags
Cars Quiz
Football Quiz
2002
500
auto
car
cup
Driver
Finishing
johnson
NASCAR
Order
Win
Winston
Today's Top Quizzes in Sports
Browse Sports
hide this ad
Today's Top Quizzes in Football
Browse Football
Top Contributed Quizzes in Sports
1
2022 World Cup Stars
2
Les meilleurs buteurs des matchs entre le PSG et l’OM
3
FIFA Club World Cup Champions
4
Les entraîneurs de l'OM et du PSG au 21e siècle
5
Criteria MLB: Left Handed Sluggers
6
2023 MLB Unique Player Accomplishments
7
AFC Teams Reveal (Wrong Answers Minefield)
8
Players with Multiple 50 Home Run Seasons
9
5-to-1: FBS Animal Nicknames
10
5-to-1: UK Sports Teams
Explore More
Trending Topics
Crossword
NBA
Marvel
Anime
Kpop
Disney
Harry Potter
The Office
Country
Soccer
Song
Puzzle
Pokémon
NFL
WWE
hide this ad
More By:
2mbs
Quiz
Plays
Rating
Category
Featured
Created
Runner-Up to Dale Earnhardt
13,882
4.23
Sports
Mar 14, 2010
Bill Goldberg WCW/WWE PPV Opponents
13,040
3.96
Sports
Feb 21, 2010
Bill Goldberg's WCW Undefeated Streak
8,419
4.13
Sports
Sep 19, 2011
Trish Stratus WWF/WWE PPV Opponents
7,232
3.90
Sports
Feb 1, 2010
Sting TNA PPV Opponents
6,066
3.96
Sports
Nov 15, 2009
Go to Creator's Profile
Score Distribution
Quiz Creator Spotlight
2mbs
Follow
Send a Message
Quizzes Created
-
Created Quiz Play Count
-
More By This Creator
Popular Quizzes Today
1
Find the US States - No Outlines Minefield
2
Find the Countries of Europe - No Outlines Minefield
3
The Countries of the World
4
Find the US States
5
Risky Map Clicking: Biggest States A-Z
6
US States
7
Popular People in 1961
8
Movies - When Are They Set?
More Sports Quizzes
Caricatures of Boxing Legends by Don Howard
Editor's Pick
Trending Quizzes
Risky Map Clicking: Least Populous States A-Z
1-10 Letter G Words
1-10 Letter F Words
Countries of the World: 200 Million BC
Risky Map Clicking: Next State Alphabetically
Recently Updated
Most Oscar Losses (Acting)
pecheneg
Beyoncé Albums
pecheneg
Leaping Animals
pecheneg
Reality TV Shows (A-Z)
bhenderson79
Rickey Henderson's Hall of Fame Teammates
pecheneg
Champions League XIs: Arsenal
pecheneg
Quick Pick: Celebrities in WWE's Hall of Fame
aduchscher
A-Z Keypad Blitz II
pecheneg
Multiple Oscar Actors
pecheneg
Mystery Phrase Blitz: Oscar 'Best Actors'
pecheneg
Trending Topics
Marvel
Kpop
Disney
Anime
NBA
Crossword
Harry Potter
The Office
NFL
Puzzle
Country
WWE
Soccer
Pokémon
Song
Your Account Isn't Verified!
In order to create a playlist on Sporcle, you need to verify the email address you used during registration. Go to your
Sporcle Settings
to finish the process.
Report this User
Report this user for behavior that violates our
Community Guidelines
.
Details:
Send Report
Go to the Sporcle.com Mobile Site →
Comments